000 00476nam a2200157 i 4500
001 75960
003 ES-MaACL
005 20230906172653.0
007 t|
008 040928s1959 ve ||||1| spa d
100 1 _aGrisanti, Angel.
_960083
245 1 0 _aRepercusión del 19 de Abril de 1810 en las provincias venezolanas /
_cAngel Grisanti.
260 _aCaracas :
_b[s.n.],
_c1959 (
_fImp. Lux)
300 _a150 p., 6 lám. ;
_c23 cm.
852 _aES-MaACL
_jC-19161
_bR.45282
999 _c75960
_d75960